LIBRARY & INFORMATION CENTRE, KCAET, TAVANUR

ONLINE PUBLIC ACCESS CATALOGUE (OPAC)

Fundamentals of aquacultural engineering (Record no. 273)

MARC details
000 -LEADER
fixed length control field 00446cam a2200181ua 4500
041 ## - LANGUAGE CODE
Language code of text/sound track or separate title eng
082 ## - DEWEY DECIMAL CLASSIFICATION NUMBER
Classification number 639.8
Item number LAW/FU
100 ## - MAIN ENTRY--AUTHOR NAME
Personal name Lawson, Thomas B .
245 ## - TITLE STATEMENT
Title Fundamentals of aquacultural engineering
250 ## - EDITION STATEMENT
Edition statement 1 /
260 ## - PUBLICATION, DISTRIBUTION, ETC. (IMPRINT)
Place of publication New Delhi :
Name of publisher C B S Publishers & Distributers ,
Year of publication 1997.
300 ## - PHYSICAL DESCRIPTION
Number of Pages 355 ; .
942 ## - ADDED ENTRY ELEMENTS (KOHA)
Koha item type Books
Holdings
Withdrawn status Lost status Damaged status Home library Current library Date acquired Full call number Accession Number Koha item type
      KAUAET KAUAET 07/04/2012 639.8 20541 Books
free website counter